000 00580nam a2200205Ia 4500
005 20250923144855.0
008 008 250917s9999 xx 000 0 eng d
037 _aTextual
040 _aDSWL
_beng
_cDSWL
041 _aeng
_2eng
084 _aY1745:1.26233C.M8, G4
_qDSWL
100 _aPearson, R.
_9829309
245 0 _aEastern Interlude
_cby R. Pearson
260 _aCalcutta
_bThacker Spink & Co.
_c1954
300 _a238p.
365 _aINR
_b10
925 _g10
942 _cTEXL
_hY1745:1.26233C.M8, G4
999 _c1444440
_d1444440